[Event "Vlissingen HZ op 24th"]
[Site "Vlissingen"]
[Date "2022.08.07"]
[Round "3"]
[White "De Wolf, Johan"]
[Black "Kools, Jasper"]
[Result "1-0"]
[WhiteElo "2010"]
[BlackElo "1774"]
[PlyCount "83"]
[EventDate "2022.08.06"]
[EventType "swiss"]
[EventRounds "9"]
[EventCountry "NED"]
[SourceTitle "CBM 209 Extra"]
[Source "ChessBase"]
[SourceDate "2022.09.30"]
[SourceVersion "1"]
[SourceVersionDate "2022.09.30"]
[SourceQuality "1"]

1. d4 d5 2. Nf3 Nf6 3. c4 e6 4. g3 Be7 5. Bg2 0-0 6. 0-0 dxc4 7. Qc2 a6 8. Qxc4 b5 9. Qc2 Bb7 10. Bd2 Be4 11. Qc1 Nbd7 12. Ba5 Nb6 13. Nbd2 Bb7 14. e3 Rc8 15. b4 Nfd7 16. Qc2 Bf6 17. Ng5 Bxg5 18. Bxb7 Rb8 19. Bxa6 h5 20. Bxb5 Nd5 21. Be2 h4 22. Nf3 hxg3 23. hxg3 Bh6 24. b5 Qf6 25. Qe4 g6 26. Kg2 Qe7 27. Rh1 Bg7 28. Qh4 f6 29. Qh7+ Kf7 30. Nh4 Rg8 31. Qxg6+ Kf8 32. Qd3 Qd6 33. Bh5 Ne7 34. Qc4 Bh6 35. Bxc7 Qd5+ 36. Qxd5 Nxd5 37. Bxb8 Nxb8 38. Bf3 Nc3 39. Rhc1 Nxb5 40. Rc8+ Kg7 41. Rxg8+ Kxg8 42. Rb1 1-0

[Event "Vlissingen HZ op 23rd"]
[Site "Vlissingen"]
[Date "2019.08.04"]
[Round "3"]
[White "De Wolf, Johan"]
[Black "Pang, Khai Jie Ryan"]
[Result "1/2-1/2"]
[WhiteElo "2075"]
[BlackElo "1770"]
[PlyCount "79"]
[EventDate "2019.08.03"]
[EventType "swiss"]
[EventRounds "9"]
[EventCountry "NED"]
[SourceTitle "CBM 191 Extra"]
[Source "ChessBase"]
[SourceDate "2019.09.30"]
[SourceVersion "1"]
[SourceVersionDate "2019.09.30"]
[SourceQuality "1"]

1. d4 Nf6 2. Nf3 e6 3. c4 c5 4. dxc5 Bxc5 5. Nc3 d6 6. e3 0-0 7. Be2 a6 8. 0-0 Qe7 9. b3 e5 10. Na4 Nbd7 11. Qc2 b6 12. a3 a5 13. Bd2 Bb7 14. b4 axb4 15. axb4 b5 16. Nxc5 dxc5 17. bxc5 Qxc5 18. Qb3 Bxf3 19. gxf3 bxc4 20. Qxc4 Rfc8 21. Qxc5 Nxc5 22. Bc3 Rxa1 23. Rxa1 Nfd7 24. Ra7 f6 25. Bc4+ Kh8 26. Bb5 Nf8 27. Bb4 Nce6 28. Bd6 Rd8 29. Be7 Rb8 30. Bd3 Ng5 31. Kg2 Ng6 32. Bd6 Rd8 33. Bc7 Rf8 34. Bd6 Rc8 35. Kg3 Nf8 36. h4 Nge6 37. Bf5 Re8 38. h5 h6 39. Rb7 Kg8 40. Ra7 1/2-1/2

[Event "Ghent Eastman op 41st"]
[Site "Ghent"]
[Date "2018.07.16"]
[Round "5"]
[White "Arman, Deniz"]
[Black "De Wolf, Johan"]
[Result "1-0"]
[WhiteElo "2366"]
[BlackElo "2075"]
[PlyCount "73"]
[EventDate "2018.07.14"]
[EventType "swiss"]
[EventRounds "9"]
[EventCountry "BEL"]
[SourceTitle "CBM 185 Extra"]
[Source "ChessBase"]
[SourceDate "2018.07.29"]
[SourceVersion "1"]
[SourceVersionDate "2018.07.29"]
[SourceQuality "1"]

1. e4 d5 2. exd5 Nf6 3. Bb5+ Bd7 4. Be2 Nxd5 5. d4 Bf5 6. a3 e6 7. c4 Nf6 8. Be3 c6 9. Nc3 Be7 10. Bf3 0-0 11. g4 Bg6 12. h4 Nxg4 13. Bxg4 f5 14. h5 Be8 15. Bf3 f4 16. Bc1 e5 17. d5 Qb6 18. b4 Nd7 19. d6 Bd8 20. c5 Nxc5 21. bxc5 Qxc5 22. Qb3+ Bf7 23. Qb4 Qd4 24. Qxd4 exd4 25. Nce2 d3 26. Rb1 dxe2 27. Rxb7 Re8 28. Nxe2 Bc4 29. Rg1 Bf6 30. Bxf4 Rab8 31. d7 Rxe2+ 32. Bxe2 Rxb7 33. Bxc4+ Kh8 34. Rg3 Rxd7 35. Rb3 g5 36. hxg6 hxg6 37. Rh3+ 1-0

[Event "Vlissingen HZ op 20th"]
[Site "Vlissingen"]
[Date "2016.08.07"]
[Round "3"]
[White "Bosboom, Manuel"]
[Black "De Wolf, Johan"]
[Result "1-0"]
[WhiteElo "2400"]
[BlackElo "2102"]
[PlyCount "41"]
[EventDate "2016.08.06"]
[EventType "swiss"]
[EventRounds "9"]
[EventCountry "NED"]
[SourceTitle "CBM 173 Extra"]
[Source "ChessBase"]
[SourceDate "2016.08.29"]
[SourceVersion "1"]
[SourceVersionDate "2016.08.29"]
[SourceQuality "1"]

1. c4 e5 2. b3 Nc6 3. Bb2 Nf6 4. a3 d5 5. cxd5 Nxd5 6. e3 Bd6 7. Qc2 0-0 8. Nf3 Kh8 9. h4 f5 10. Bc4 Nf6 11. h5 Qe8 12. h6 e4 13. hxg7+ Kxg7 14. Nh4 Be5 15. Nc3 Na5 16. f4 exf3 17. gxf3 Nxc4 18. bxc4 Qe6 19. f4 Bxf4 20. 0-0-0 Be5 21. Rdg1+ 1-0

[Event "Vlissingen HZ op 19th"]
[Site "Vlissingen"]
[Date "2015.08.02"]
[Round "2"]
[White "De Wolf, Johan"]
[Black "Beshukov, Sergei"]
[Result "1/2-1/2"]
[WhiteElo "2088"]
[BlackElo "2382"]
[PlyCount "92"]
[EventDate "2015.08.01"]
[EventType "swiss"]
[EventRounds "9"]
[EventCountry "NED"]
[SourceTitle "CBM 167 Extra"]
[Source "ChessBase"]
[SourceDate "2015.09.14"]
[SourceVersion "1"]
[SourceVersionDate "2015.09.14"]
[SourceQuality "1"]

1. d4 Nf6 2. Nf3 c5 3. e3 g6 4. c3 Qc7 5. Bd3 Bg7 6. Nbd2 d6 7. 0-0 0-0 8. e4 Nc6 9. d5 Ne5 10. Nxe5 dxe5 11. a4 e6 12. c4 Ne8 13. Nb1 exd5 14. cxd5 c4 15. Be2 Nd6 16. Nc3 Bd7 17. Be3 Rfc8 18. Qb1 b6 19. Rc1 a6 20. b3 b5 21. axb5 axb5 22. Rxa8 Rxa8 23. bxc4 bxc4 24. Qb6 Qxb6 25. Bxb6 Bh6 26. Rb1 Rc8 27. Ba5 Bd2 28. f3 Be3+ 29. Kf1 Bd4 30. Ke1 f6 31. Kd2 f5 32. Bb4 Nb7 33. Ba3 Na5 34. Bd1 f4 35. Bc2 Ra8 36. Bb4 Nb7 37. Be7 Ra7 38. Nb5 Be3+ 39. Kc3 Ra2 40. Na3 Na5 41. Rb8+ Kf7 42. Bd6 Bf2 43. Kd2 Bd4 44. Kd1 Ra1+ 45. Rb1 Ra2 46. Rb8 Ra1+ 1/2-1/2

[Event "Vlissingen HZ op 17th"]
[Site "Vlissingen"]
[Date "2013.08.09"]
[Round "8"]
[White "Krosenbrink, Marcel"]
[Black "De Wolf, Johan"]
[Result "1/2-1/2"]
[WhiteElo "1949"]
[BlackElo "2129"]
[PlyCount "33"]
[EventDate "2013.08.03"]
[EventType "swiss"]
[EventRounds "9"]
[EventCountry "NED"]
[SourceTitle "CBM 155 Extra"]
[Source "ChessBase"]
[SourceDate "2013.08.26"]
[SourceVersion "1"]
[SourceVersionDate "2013.08.26"]
[SourceQuality "1"]

1. e4 d5 2. exd5 Nf6 3. Nf3 Nxd5 4. d4 Bg4 5. h3 Bxf3 6. Qxf3 c6 7. c3 e6 8. Bd3 Nd7 9. Nd2 Be7 10. Qg3 g6 11. Ne4 Qc7 12. Qxc7 Nxc7 13. Bf4 Nd5 14. Bd2 N7f6 15. 0-0 Nxe4 16. Bxe4 0-0 17. Rfe1 1/2-1/2

[Event "Vlissingen HZ op 17th"]
[Site "Vlissingen"]
[Date "2013.08.05"]
[Round "4"]
[White "De Wolf, Johan"]
[Black "Sparreboom, Willem"]
[Result "1/2-1/2"]
[WhiteElo "2129"]
[BlackElo "1977"]
[PlyCount "81"]
[EventDate "2013.08.03"]
[EventType "swiss"]
[EventRounds "9"]
[EventCountry "NED"]
[SourceTitle "CBM 155 Extra"]
[Source "ChessBase"]
[SourceDate "2013.08.26"]
[SourceVersion "1"]
[SourceVersionDate "2013.08.26"]
[SourceQuality "1"]

1. d4 d5 2. Nf3 c6 3. e3 Nf6 4. c4 dxc4 5. Bxc4 b5 6. Bb3 e6 7. Qe2 Bb4+ 8. Bd2 Bxd2+ 9. Nbxd2 0-0 10. 0-0 a5 11. e4 Na6 12. Rac1 Bb7 13. e5 Nd5 14. Ne4 Ra7 15. Bc2 Nab4 16. Bb1 Nf4 17. Qd2 Nbd5 18. Qc2 Ng6 19. a3 Ba8 20. Nc5 Re8 21. Rfe1 Nf8 22. h4 f5 23. exf6 gxf6 24. g3 Rg7 25. Kh2 Qd6 26. Qd2 Ng6 27. Qxa5 Kh8 28. Rxe6 Rxe6 29. Nxe6 Qxe6 30. Qxa8+ Rg8 31. Qxc6 Qe2 32. Ng5 Qxf2+ 33. Kh1 fxg5 34. Qxd5 gxh4 35. Bxg6 hxg6 36. Qe5+ Rg7 37. gxh4 Qf3+ 38. Kh2 Qf2+ 39. Kh1 Qf3+ 40. Kh2 Qf2+ 41. Kh1 1/2-1/2

[Event "Vlissingen HZ op 13th"]
[Site "Vlissingen"]
[Date "2009.08.08"]
[Round "9"]
[White "Roobol, Martin"]
[Black "De Wolf, Johan"]
[Result "1/2-1/2"]
[WhiteElo "2342"]
[BlackElo "2147"]
[PlyCount "62"]
[EventDate "2009.08.01"]
[EventType "swiss"]
[EventRounds "9"]
[EventCountry "NED"]
[SourceTitle "CBM 131 Extra"]
[Source "ChessBase"]
[SourceDate "2009.09.03"]
[SourceVersion "2"]
[SourceVersionDate "2009.09.16"]
[SourceQuality "1"]

1. d4 Nf6 2. c4 e6 3. Nf3 d5 4. g3 Be7 5. Bg2 0-0 6. 0-0 c6 7. b3 Nbd7 8. Qc2 b6 9. Nbd2 Bb7 10. Bb2 Rc8 11. Rfd1 Qc7 12. Rac1 Qb8 13. e4 c5 14. exd5 exd5 15. dxc5 Bxc5 16. Qf5 dxc4 17. Rxc4 Bd5 18. Rh4 Be6 19. Qb1 h6 20. Ne4 Nxe4 21. Qxe4 Rfe8 22. Qb1 Be7 23. Rhd4 Ne5 24. Nxe5 Qxe5 25. Rg4 Qxb2 26. Qxb2 Bxg4 27. Re1 Bf6 28. Qd2 Rxe1+ 29. Qxe1 Bb2 30. Bf1 Bh3 31. Bxh3 Rc1 1/2-1/2

[Event "Vlissingen HZ op 13th"]
[Site "Vlissingen"]
[Date "2009.08.07"]
[Round "8"]
[White "De Wolf, Johan"]
[Black "Van Cappellen, Jonas"]
[Result "1-0"]
[WhiteElo "2147"]
[BlackElo "2002"]
[PlyCount "103"]
[EventDate "2009.08.01"]
[EventType "swiss"]
[EventRounds "9"]
[EventCountry "NED"]
[SourceTitle "CBM 131 Extra"]
[Source "ChessBase"]
[SourceDate "2009.09.03"]
[SourceVersion "2"]
[SourceVersionDate "2009.09.16"]
[SourceQuality "1"]

1. d4 Nf6 2. Nf3 d5 3. c4 e6 4. g3 dxc4 5. Qa4+ Bd7 6. Qxc4 Bc6 7. Bg2 Be7 8. Nc3 Nbd7 9. 0-0 0-0 10. b3 Nb6 11. Qd3 Nbd5 12. Ne5 Nxc3 13. Nxc6 Nxe2+ 14. Qxe2 bxc6 15. Bxc6 Rb8 16. Bf3 Rb6 17. Bb2 Nd5 18. Rac1 Bd6 19. Be4 Qd7 20. Qf3 Rfb8 21. Bxd5 exd5 22. Qxd5 Qb5 23. Qxb5 Rxb5 24. Bc3 f6 25. Rfe1 Kf7 26. Kg2 Rf5 27. Bd2 Rb6 28. h3 Rd5 29. Rc4 Rf5 30. g4 Rfb5 31. Ra4 a6 32. Kf3 g5 33. Ke4 Ke6 34. f4 gxf4 35. Bxf4 f5+ 36. Kd3+ Kf7 37. Bxd6 Rxd6 38. Rc4 c6 39. Rf1 Ke6 40. gxf5+ Rxf5 41. Rxf5 Kxf5 42. Rc5+ Kf4 43. Rh5 h6 44. Kc4 Kg3 45. b4 Kf4 46. Kc5 Rg6 47. a4 Rf6 48. d5 cxd5 49. Kxd5 Kg3 50. Kc5 a5 51. bxa5 Rf4 52. Kb5 1-0

[Event "Vlissingen HZ op 13th"]
[Site "Vlissingen"]
[Date "2009.08.04"]
[Round "5"]
[White "Maas, Joop"]
[Black "De Wolf, Johan"]
[Result "1/2-1/2"]
[WhiteElo "1800"]
[BlackElo "2147"]
[PlyCount "96"]
[EventDate "2009.08.01"]
[EventType "swiss"]
[EventRounds "9"]
[EventCountry "NED"]
[SourceTitle "CBM 131 Extra"]
[Source "ChessBase"]
[SourceDate "2009.09.03"]
[SourceVersion "2"]
[SourceVersionDate "2009.09.16"]
[SourceQuality "1"]

1. d4 Nf6 2. Nf3 d5 3. Bg5 Ne4 4. Bf4 c6 5. e3 Qb6 6. Qc1 h6 7. c3 Bf5 8. Nbd2 Nxd2 9. Qxd2 Nd7 10. Be2 e6 11. 0-0 Be7 12. b3 0-0 13. Bd3 Bxd3 14. Qxd3 c5 15. c4 Nf6 16. h3 Rac8 17. Rfc1 cxd4 18. exd4 dxc4 19. bxc4 Qa6 20. a4 Nd5 21. Bd2 Nb6 22. Ne5 f6 23. c5 fxe5 24. Qxa6 bxa6 25. cxb6 axb6 26. dxe5 Bc5 27. Be3 Bxe3 28. fxe3 b5 29. axb5 Rxc1+ 30. Rxc1 axb5 31. Rb1 Rb8 32. Rb4 Kf7 33. Kf2 Ke7 34. Ke2 Kd7 35. Rd4+ Ke7 36. Rb4 Kf7 37. g4 Kg6 38. Kf3 h5 39. h4 hxg4+ 40. Kxg4 Rb6 41. h5+ Kh6 42. Kh4 g6 43. hxg6 Kxg6 44. Kg4 Rb7 45. Kf4 Kh5 46. e4 Rb8 47. Kg3 Kg6 48. Kf4 Kh5 1/2-1/2

[Event "Ghent Taminco op 31st"]
[Site "Ghent"]
[Date "2008.07.20"]
[Round "4"]
[White "Klundt, Klaus"]
[Black "De Wolf, Johan"]
[Result "1-0"]
[WhiteElo "2361"]
[BlackElo "2145"]
[PlyCount "37"]
[EventDate "2008.07.19"]
[EventType "swiss"]
[EventRounds "9"]
[EventCountry "BEL"]
[SourceTitle "CBM 125 Extra"]
[Source "ChessBase"]
[SourceDate "2008.09.01"]
[SourceVersion "1"]
[SourceVersionDate "2008.09.01"]
[SourceQuality "1"]

1. e4 d5 2. exd5 Nf6 3. d4 Nxd5 4. Nf3 Bg4 5. Be2 e6 6. 0-0 Be7 7. c4 Nb6 8. Ne5 Bxe2 9. Qxe2 Qxd4 10. Rd1 Qc5 11. b4 Qxb4 12. Ba3 Qa4 13. Bxe7 Kxe7 14. Nc3 Qe8 15. Qe3 N8d7 16. Nb5 Qc8 17. Qa3+ Ke8 18. Qg3 a6 19. Nxd7 1-0

[Event "Vlissingen HZ op 11th"]
[Site "Vlissingen"]
[Date "2007.08.08"]
[Round "6"]
[White "De Wolf, Johan"]
[Black "Shrentzel, Mordechai"]
[Result "1/2-1/2"]
[WhiteElo "2162"]
[BlackElo "2322"]
[PlyCount "102"]
[EventDate "2007.08.04"]
[EventType "swiss"]
[EventRounds "9"]
[EventCountry "NED"]
[SourceTitle "CBM 119 Extra"]
[Source "ChessBase"]
[SourceDate "2007.09.04"]
[SourceVersion "1"]
[SourceVersionDate "2007.09.04"]
[SourceQuality "1"]

1. d4 d6 2. e4 g6 3. Nf3 Bg7 4. Bd3 Nc6 5. d5 Nb4 6. Bb5+ c6 7. dxc6 bxc6 8. Be2 Qc7 9. 0-0 Nf6 10. Nc3 0-0 11. Bg5 Rd8 12. Qd2 a5 13. Rfe1 Bb7 14. a3 Na6 15. Bf1 Nc5 16. Rab1 Ne6 17. Bh6 Bh8 18. h3 d5 19. exd5 Nxd5 20. Nxd5 cxd5 21. h4 Ba6 22. Bd3 Bxd3 23. Qxd3 Rac8 24. c3 Qc4 25. Qe3 Qg4 26. Qb6 d4 27. Rbd1 a4 28. Qb4 Bf6 29. Qxa4 Qh5 30. Bg5 Bxg5 31. Nxg5 Nxg5 32. hxg5 dxc3 33. Rxd8+ Rxd8 34. Qa5 Rc8 35. bxc3 e6 36. Qe5 Qg4 37. Rb1 Qf5 38. Qxf5 gxf5 39. Rb3 Rc4 40. g3 f4 41. gxf4 Rxf4 42. Rb4 Rf5 43. f4 Rc5 44. a4 Rxc3 45. Kf2 Kg7 46. Ke2 Kg6 47. Kd2 Rg3 48. Kc2 e5 49. Rb6+ Kg7 50. fxe5 Rxg5 51. e6 fxe6 1/2-1/2

[Event "Vlissingen HZ op 07th"]
[Site "Vlissingen"]
[Date "2003.08.07"]
[Round "7"]
[White "De Wolf, Johan"]
[Black "Vidarsson, Jon Gardar"]
[Result "1-0"]
[WhiteElo "2149"]
[BlackElo "2351"]
[PlyCount "93"]
[EventDate "2003.08.02"]
[EventType "swiss"]
[EventRounds "9"]
[EventCountry "NED"]
[SourceTitle "CBM 095 Extra"]
[Source "ChessBase"]
[SourceDate "2003.09.04"]
[SourceVersion "1"]
[SourceVersionDate "2003.09.04"]
[SourceQuality "1"]

1. d4 b6 2. Bf4 Bb7 3. e3 e6 4. Nf3 Nf6 5. h3 Be7 6. Nbd2 0-0 7. Bd3 c5 8. 0-0 d6 9. Re1 Nc6 10. c3 e5 11. Bh2 exd4 12. exd4 cxd4 13. Nxd4 Nxd4 14. cxd4 d5 15. Rc1 Bd6 16. Be5 Re8 17. Qf3 Rc8 18. Bxf6 Rxe1+ 19. Rxe1 Qxf6 20. Qxf6 gxf6 21. g3 Bb4 22. Rd1 Bc6 23. Nf1 Ba4 24. b3 Bd7 25. Kg2 Bc3 26. Ba6 Re8 27. Ne3 Be6 28. Bb7 Rd8 29. f4 f5 30. Kf2 Kg7 31. Ke2 Rd7 32. Bc6 Rd8 33. Kd3 Bb4 34. Rc1 Kf6 35. g4 h6 36. Ke2 Rg8 37. gxf5 Ba3 38. Rc3 Bxf5 39. Nxd5+ Ke6 40. b4 Bb2 41. Re3+ Kd6 42. Ne7 Rd8 43. Nxf5+ Kxc6 44. b5+ Kd5 45. Kd3 f6 46. Re1 h5 47. Ne3+ 1-0

[Event "Ghent op 26th"]
[Site "Ghent"]
[Date "2003.07.21"]
[Round "6"]
[White "De Wolf, Johan"]
[Black "McMichael, Richard"]
[Result "1/2-1/2"]
[WhiteElo "2149"]
[BlackElo "2298"]
[PlyCount "101"]
[EventDate "2003.07.19"]
[EventType "swiss"]
[EventRounds "9"]
[EventCountry "BEL"]
[SourceTitle "CBM 095 Extra"]
[Source "ChessBase"]
[SourceDate "2003.09.04"]
[SourceVersion "1"]
[SourceVersionDate "2003.09.04"]
[SourceQuality "1"]

1. d4 e6 2. g3 f5 3. Bg2 Nf6 4. c3 d5 5. Nh3 Bd6 6. 0-0 0-0 7. Nf4 Qe7 8. Nd3 Bd7 9. Bf4 Bxf4 10. Nxf4 c6 11. Nd2 Be8 12. Qb3 b6 13. Nd3 Nbd7 14. Nf3 Ne4 15. Rad1 Bh5 16. Rfe1 Rac8 17. Nfe5 Nxe5 18. Nxe5 Nf6 19. Rc1 c5 20. c4 cxd4 21. cxd5 exd5 22. Nc6 Qf7 23. Nxd4 Ne4 24. e3 Kh8 25. Rc2 Rc5 26. Rec1 Rfc8 27. Qa4 h6 28. b4 Rc4 29. Bf1 Rxc2 30. Rxc2 Rxc2 31. Qxc2 Nd6 32. Qc6 Ne8 33. Qc8 Bg6 34. Bh3 Kh7 35. Bxf5 Nd6 36. Bxg6+ Qxg6 37. Qc2 Qxc2 38. Nxc2 Kg6 39. f3 a5 40. bxa5 bxa5 41. Kf2 Kf6 42. Ke2 Ke5 43. Kd3 Nb7 44. f4+ Kd6 45. g4 Nc5+ 46. Kd4 Ne6+ 47. Kc3 Nc5 48. Nd4 g6 49. Nf3 Ne4+ 50. Kd4 Nf2 51. Ne5 1/2-1/2

[Event "Vlissingen HZ op 06th"]
[Site "Vlissingen"]
[Date "2002.08.08"]
[Round "6"]
[White "Kasparov, Sergey"]
[Black "De Wolf, Johan"]
[Result "1-0"]
[WhiteElo "2457"]
[BlackElo "2150"]
[PlyCount "97"]
[EventDate "2002.08.04"]
[EventType "swiss"]
[EventRounds "9"]
[EventCountry "NED"]
[SourceTitle "CBM 089 Extra"]
[Source "ChessBase"]
[SourceDate "2002.09.10"]
[SourceVersion "2"]
[SourceVersionDate "2002.09.10"]
[SourceQuality "1"]

1. e4 d5 2. exd5 Nf6 3. d4 Nxd5 4. Nf3 Bg4 5. Be2 Nc6 6. 0-0 e6 7. c3 Be7 8. h3 Bf5 9. Bd3 Bxd3 10. Qxd3 0-0 11. Qe2 Bf6 12. Na3 Nb6 13. Bf4 Rc8 14. Nc2 Ne7 15. Be5 Ng6 16. Rfd1 Be7 17. Bh2 Qd5 18. b3 Qh5 19. c4 Nh4 20. Nce1 Bf6 21. Qe4 Nxf3+ 22. Nxf3 c6 23. Be5 Nd7 24. Rd2 Be7 25. Rad1 Rfd8 26. Bg3 Nf6 27. Qe2 Kf8 28. Bh4 Qf5 29. Ne5 Nd7 30. Bxe7+ Kxe7 31. Ng4 Nf6 32. Nxf6 Qxf6 33. d5 cxd5 34. cxd5 Kf8 35. Qb5 Rxd5 36. Qxb7 Rcd8 37. Rxd5 exd5 38. Qxa7 d4 39. Qc5+ Kg8 40. Qc4 h6 41. Qd3 Qe5 42. b4 Ra8 43. a3 g6 44. h4 Qd5 45. g3 Kh7 46. Rc1 Qa2 47. h5 Qb2 48. Rc7 Kg8 49. hxg6 1-0